Derecho internacional público (Record no. 6778)

MARC details
000 -LEADER
campo de control de longitud fija 00748nmm a2200253 a 4500
003 - IDENTIFICADOR DE NÚMERO DE CONTROL
campo de control AR-BaBNM
005 - FECHA Y HORA DE LA ÚLTIMA TRANSACCIÓN
campo de control 20251128204250.0
008 - DATOS DE LONGITUD FIJA--INFORMACIÓN GENERAL
campo de control de longitud fija 257019s1940 ||||||||||||||000 | spa||
040 ## - FUENTE DE CATALOGACIÓN
Centro/agencia transcriptor AR-BaBNM
100 1# - ENTRADA PRINCIPAL--NOMBRE DE PERSONA
Nombre de persona Ruiz Moreno, Isidoro
245 10 - MENCIÓN DEL TÍTULO
Título Derecho internacional público
Número de parte o sección de la obra 2
250 ## - MENCION DE EDICION
Mención de edición 2ª ed. aum. y corr.
260 ## - PUBLICACIÓN, DISTRIBUCIÓN, ETC.
Lugar de publicación, distribución, etc. Buenos Aires
Nombre del editor, distribuidor, etc. Imprenta de la Universidad
Fecha de publicación, distribución, etc. 1940
300 0# - DESCRIPCIÓN FÍSICA
Extensión 428 p.
500 0# - NOTA GENERAL
Nota general Indice p. 425-428
504 ## - NOTA DE BIBLIOGRAFÍA, ETC.
Nota de bibliografía, etc. Nota Contiene bibliografía del autor, sobre derecho y ciencias sociales
650 #4 - PUNTO DE ACCESO ADICIONAL DE MATERIA--TÉRMINO DE MATERIA
Término de materia o nombre geográfico como elemento de entrada DERECHO INTERNACIONAL PUBLICO
650 #4 - PUNTO DE ACCESO ADICIONAL DE MATERIA--TÉRMINO DE MATERIA
Término de materia o nombre geográfico como elemento de entrada RELACIONES INTERNACIONALES
650 #4 - PUNTO DE ACCESO ADICIONAL DE MATERIA--TÉRMINO DE MATERIA
Término de materia o nombre geográfico como elemento de entrada SOBERANIA
651 #4 - PUNTO DE ACCESO ADICIONAL DE MATERIA--NOMBRE GEOGRÁFICO
Nombre geográfico América Latina
700 1# - ENTRADA AGREGADA--NOMBRE PERSONAL
Nombre de persona Ruiz Moreno, Isidoro
Término indicativo de función/relación colaborador
942 ## - ELEMENTOS DE ENTRADA SECUNDARIOS (KOHA)
Tipo de ítem Koha Libros
998 ## - INFORMACIÓN DE CONTROL LOCAL (RLIN)
Iniciales del catalogador, CIN (RLIN) Andrea
Holdings
Estatus retirado Estado de pérdida Fuente de la clasificación o esquema de estantería Estado de daño Restricciones de uso No para préstamo Biblioteca de origen Biblioteca actual Fecha de adquisición Total de préstamos Signatura topográfica completa Código de barras Visto por última vez Precio de reemplazo Tipo de ítem Koha
    Clasificación Decimal Dewey   Acceso restringido No para préstamo Liberty Liberty 28/11/2025   341 RUI 2 045593 28/11/2025 28/11/2025 Libros